000 00795cam a2200193 4500
001 WB3742-34
008 011108n2001 000 0 eng u
035 _a(Sirsi) u115541
245 _aFunds for rural businesses
260 _c2001
490 _aDTI News Release
_v(P2001/617) 7 November 2001, (2)
520 _aBusinesses in communities affected by foot and mouth will benefit from a new support programme, the Development Fund for Rural Renewal which offers funding to projects supporting enterprise in FMD areas. Groups benefiting will be enabled to develop new business and marketing ideas and innovative ideas to help rural communities.
590 _aWB
650 _aRURAL AREAS
650 _aFOOT-AND-MOUTH DISEASE
650 _aFUNDING
690 _aRural
_96268
942 _n0
999 _c68822
_d68822